书目信息 |
| 题名: |
污泥稳定化与资源化的生物处理技术
|
|
| 作者: | 廖传华 , 王万福 , 吕浩 , 李聃 著 | |
| 分册: | ||
| 出版信息: | 北京 中国石化出版社 2019.05 |
|
| 页数: | 328页 | |
| 开本: | 26cm | |
| 丛书名: | 污泥处理技术与应用丛书 | |
| 单 册: | ||
| 中图分类: | X703 | |
| 科图分类: | ||
| 主题词: | 污泥处理--wu ni chu li--生物处理 | |
| 电子资源: | ||
| ISBN: | 978-7-5114-5233-7 | |
| 000 | 01185nam 2200313 450 | |
| 001 | 202019134630 | |
| 005 | 20191002113834.0 | |
| 010 | @a978-7-5114-5233-7@dCNY116.00 | |
| 100 | @a20190930d2019 em y0chiy50 ea | |
| 101 | 0 | @achi |
| 102 | @aCN@b110000 | |
| 105 | @aak a 000yy | |
| 106 | @ar | |
| 200 | 1 | @a污泥稳定化与资源化的生物处理技术@Awu ni wen ding hua yu zi yuan hua de sheng wu chu li ji shu@f廖传华 ... [等] 著 |
| 210 | @a北京@c中国石化出版社@d2019.05 | |
| 215 | @a328页@c图@d26cm | |
| 225 | 2 | @a污泥处理技术与应用丛书@Awu ni chu li ji shu yu ying yong cong shu |
| 304 | @a题名页题其余责任者: 王万福, 吕浩, 李聃 | |
| 320 | @a有书目 | |
| 330 | @a本书分别对污泥生物淋滤和生物吸附去除重金属、污泥生物除臭、污泥好氧消化、污泥厌氧消化产甲烷、污泥厌氧发醇产氢、污泥堆肥等农用利用、污泥土地利用系统等各种污泥生物处理技术进行了介绍。 | |
| 410 | 0 | @12001 @a污泥处理技术与应用丛书 |
| 606 | 0 | @a污泥处理@Awu ni chu li@x生物处理 |
| 690 | @aX703@v5 | |
| 701 | 0 | @a廖传华@Aliao chuan hua@4著 |
| 701 | 0 | @a王万福@Awang wan fu@4著 |
| 701 | 0 | @a吕浩@Alu^ hao@4著 |
| 701 | 0 | @a李聃@Ali dan@4著 |
| 801 | 0 | @aCN@c20190905 |
| 905 | @a河南城建学院图书馆@dX703@eL466-2 | |
| 污泥稳定化与资源化的生物处理技术/廖传华 ... [等] 著.-北京:中国石化出版社,2019.05 |
| 328页:图;26cm.-(污泥处理技术与应用丛书) |
| ISBN 978-7-5114-5233-7:CNY116.00 |
| 本书分别对污泥生物淋滤和生物吸附去除重金属、污泥生物除臭、污泥好氧消化、污泥厌氧消化产甲烷、污泥厌氧发醇产氢、污泥堆肥等农用利用、污泥土地利用系统等各种污泥生物处理技术进行了介绍。 |
| ● |
| 相关链接 |
|
|
|
正题名:污泥稳定化与资源化的生物处理技术
索取号:X703/L466-2
 
预约/预借
| 序号 | 登录号 | 条形码 | 馆藏地/架位号 | 状态 | 备注 |
| 1 | 1442751 | 214427510 | 自科库501/501自科库 104排2列2层/ [索取号:X703/L466-2] | 在馆 |